| 000 | 00596nam 22001813 4500 | ||
|---|---|---|---|
| 001 | 201567 | ||
| 090 | _a201567 | ||
| 100 | _a20260330d u||y0pory50 ba | ||
| 200 |
_aCamões e o pensamento filosófico do seu tempo _fEgídio Namorado ... [et al.] _gintrodução de Luís de Sousa Rebelo |
||
| 210 |
_aLisboa _cPrelo _d1979 |
||
| 215 |
_a149, [3] p. _cbrochado _d19 cm |
||
| 225 |
_aEstudos e ensaios _h3 |
||
| 606 |
_93661 _aCrítica Literária.Estudos Literários |
||
| 675 |
_a82.09 _vPT _zpor |
||
| 701 |
_912764 _aNamorado _bEgídio _f1920-1976 |
||
| 801 |
_aPT _bBMMN _gRPC |
||
| 830 | _cVanda | ||
| 990 | _cLIVROS | ||